La evangelización en el presente y en el futuro de América Latina

Uloženo v:
Podrobná bibliografie
Korporace: Consejo Episcopal Latinoamericano (Autor), CELAM (Autor)
Médium: Kniha
Jazyk:španělština
Vydáno: Santiago CELAM 1979
Témata:
Tagy: Přidat tag
Žádné tagy, Buďte první, kdo vytvoří štítek k tomuto záznamu!

MARC

LEADER 00000nam a2200000 a 4500
001 UCR3117
003 CL-VaPUC
005 20220315074414.0
008 980123e19790000cl 1 spa d
082 0 4 |a 253.7  |b CON  |2 21 
110 2 |a Consejo Episcopal Latinoamericano  |e author  |9 618698 
710 2 |a CELAM  |e author  |9 618699 
245 1 3 |a La evangelización en el presente y en el futuro de América Latina 
260 |a Santiago  |b CELAM  |c 1979 
300 |a 284 p 
583 |a last modification  |c 19980123 00:00:00  |k Rodrigo Vera 
650 0 7 |a EVANGELIZACION  |2 CL-VaPUC  |9 618700 
650 0 0 |a Congresos  |9 257560 
651 0 |a América Latina   |9 255027 
942 |c BK 
945 |a rleighto  |d 19980123 00:00:00 
546 |a En Español 
518 |p Conferencia general del Episcopado latinoamericano, 3, Vaticano, 23 de Marzo de 1979 
999 |c 383079  |d 383077 
952 |0 0  |1 0  |4 0  |6 253_700000000000000_CON_1979  |7 0  |8 A  |9 505089  |a BIBTEO  |b BIBTEO  |d 2020-01-23  |i 3382214  |o 253.7 CON 1979  |p 3382214  |r 2025-01-17  |w 2020-01-23  |y BK  |k ICR